Eichmann in Jerusalem : (Record no. 13170)
[ view plain ]
| 000 -LEADER | |
|---|---|
| fixed length control field | 01037cam a2200265 a 4500 |
| 001 - CONTROL NUMBER | |
| control field | 12677390 |
| 005 - DATE AND TIME OF LATEST TRANSACTION | |
| control field | 20060721180756.0 |
| 008 - FIXED-LENGTH DATA ELEMENTS--GENERAL INFORMATION | |
| fixed length control field | 020212s1963 nyu |db 001 0deng d |
| 010 ## - LIBRARY OF CONGRESS CONTROL NUMBER | |
| LC control number | 2002522686 |
| 040 ## - CATALOGING SOURCE | |
| Original cataloging agency | DLC |
| Transcribing agency | DLC |
| Modifying agency | DLC |
| 050 00 - LIBRARY OF CONGRESS CALL NUMBER | |
| Classification number | DD247.E5 |
| Item number | A7 1965 |
| 082 ## - DEWEY DECIMAL CLASSIFICATION NUMBER | |
| Classification number | 341.41 |
| Item number | ARE |
| 100 1# - MAIN ENTRY--PERSONAL NAME | |
| Personal name | Arendt, Hannah, |
| Dates associated with a name | 1906-1975. |
| 9 (RLIN) | 10509 |
| 245 10 - TITLE STATEMENT | |
| Title | Eichmann in Jerusalem : |
| Remainder of title | A Report on the Banality of Evil / |
| Statement of responsibility, etc | By Hannah Arendt. |
| 250 ## - EDITION STATEMENT | |
| Edition statement | Rev. and enl. ed. |
| 260 ## - PUBLICATION, DISTRIBUTION, ETC. (IMPRINT) | |
| Place of publication, distribution, etc | New York : |
| Name of publisher, distributor, etc | Viking Press |
| Date of publication, distribution, etc | c1963. |
| 300 ## - PHYSICAL DESCRIPTION | |
| Extent | 275 p. : |
| Dimensions | 20 cm. |
| 500 ## - GENERAL NOTE | |
| General note | Donated by Alla Abd El Ghany. |
| 504 ## - BIBLIOGRAPHY, ETC. NOTE | |
| Bibliography, etc | Includes bibliographical references and index. |
| 600 10 - SUBJECT ADDED ENTRY--PERSONAL NAME | |
| Personal name | Eichmann, Adolf, |
| Dates associated with a name | 1906-1962. |
| 9 (RLIN) | 10510 |
| 650 #0 - SUBJECT ADDED ENTRY--TOPICAL TERM | |
| Topical term or geographic name as entry element | Holocaust, Jewish (1939-1945) |
| 9 (RLIN) | 10511 |
| 650 #0 - SUBJECT ADDED ENTRY--TOPICAL TERM | |
| Topical term or geographic name as entry element | War crime trials |
| Geographic subdivision | Jerusalem. |
| 9 (RLIN) | 10512 |
| 942 ## - ADDED ENTRY ELEMENTS (KOHA) | |
| Source of classification or shelving scheme | Dewey Decimal Classification |
| Item type | Book - Borrowing |
| Withdrawn status | Item status | Source of classification or shelving scheme | Damaged status | Not for loan | Vendor | Home library | Current library | Shelving location | Date acquired | Source of acquisition | Total Checkouts | Full call number | Barcode | Date last seen | Koha item type | Public note |
|---|---|---|---|---|---|---|---|---|---|---|---|---|---|---|---|---|
| Dewey Decimal Classification | Donation-Gift | Central Library | Central Library | First floor | 20/01/2010 | Donation | 341.41 ARE | 000019712 | 15/07/2025 | Book - Borrowing | Donated by: Alaa Abd El- Ghaney |